00217nam a2200073Ia 4500008004100000082001500041100001500056245007200071240331s9999 xx 000 0 und d a303.4bEPS a Epstein S 0aVillage voices :bforty yars or rural transformation in South India